| 000 | 01309nam a2200253 a 4500 | ||
|---|---|---|---|
| 001 | 000028908 | ||
| 005 | 20200930055218.0 | ||
| 008 | 110412s1958 dr r 000 0 spa d | ||
| 040 |
_aDO-SdBNP _bspa _cBNPHU |
||
| 082 |
_a725.94 _bS366A |
||
| 100 | 1 |
_aSchoenrich, Otto _91706 |
|
| 245 | 1 | 3 |
_aEl Alcázar de Diego Colón : páginas de su historia = _bHistory of the palace of Diego Columbus in ciudad Trujillo República Dominicana / _cOtto Schoenrich. |
| 246 | 2 | 1 | _aHistory of the palace of Diego Columbus in ciudad Trujillo República Dominicana |
| 260 |
_aCiudad Trujillo, República Dominicana : _bComité Ejecutivo Permanente del Faro de Colón : _bPol Hermanos, _c1958. |
||
| 300 |
_a50 p ; _c23 cm. |
||
| 563 | _aDos obras encuadernadas juntas con paginación contínua | ||
| 590 | _aInventariado, 2018/LP | ||
| 600 | 1 | 4 |
_aCOLÓN, DIEGO _d1479-1526 _955868 |
| 610 | 1 | 4 |
_aALCÁZAR DE DIEGO DE COLÓN (SANTO DOMINGO, REPÚBLICA DOMINICANA) _bPALACIO DE COLÓN _955869 |
| 650 | 4 |
_aMonumentos historicos _xConservación y restauración _zRepública Dominicana _952570 |
|
| 650 | 4 |
_aEdificios historicos _xConservación y restauración _92682 |
|
| 700 | 1 | 2 |
_aSchoenrich, Otto _tHistory of the palace of Diego Columbus in ciudad Trujillo República Dominicana _955870 |
| 910 | _aValidado. Control de calidad MFF | ||
| 999 |
_c28400 _d28400 |
||